Prezentácia v moderných koncepciách vyučovania
Moderné koncepcie vyučovania - ich spoločným menovateľom je, že vedomosti, zručnosti a postoje žiakov majú byť výsledkom ich vlastného premýšľania, ich aktívnej činnosti riadenej učiteľom. Prepojenie moderných koncepcií vyučovania, konkrétne projektového vyučovania a prezentačných zručností, ktoré v...
Uložené v:
| Hlavný autor: | |
|---|---|
| Médium: | Kapitola |
| Jazyk: | Slovak |
| Predmet: | |
| Tagy: |
Žiadne tagy, Buďte prvý, kto otaguje tento záznam!
|
MARC
| LEADER | 00000nla a2200000 4500 | ||
|---|---|---|---|
| 001 | 0224994 | ||
| 005 | 20240502073703.9 | ||
| 041 | 0 | |a slo | |
| 044 | |a SK | ||
| 245 | 1 | 0 | |a Prezentácia v moderných koncepciách vyučovania |c Ladislav Pasiar |
| 520 | |a Moderné koncepcie vyučovania - ich spoločným menovateľom je, že vedomosti, zručnosti a postoje žiakov majú byť výsledkom ich vlastného premýšľania, ich aktívnej činnosti riadenej učiteľom. Prepojenie moderných koncepcií vyučovania, konkrétne projektového vyučovania a prezentačných zručností, ktoré využívame nielen vo vyučovacom procese, ale aj v každodennom osobnom a pracovnom živote. Prezentácia - typy prezentácií, jednoduchosť v prezentácii. Hodnotenie prezentácie a prezentovania projektu. | ||
| 610 | 2 | 0 | |a vyučovanie |
| 610 | 2 | 0 | |a projekty |
| 610 | 2 | 0 | |a prezentácia |
| 100 | 1 | |a Pasiar, Ladislav, 1984- | |